Λατομεία και περιβαλλοντική εκπαίδευση : μελέτη περίπτωσης στο νησί της Ρόδου : διπλωματική εργασία [μεταπτυχιακή εργασία]

Saved in:
Bibliographic Details
Main Author: Σταμούλης, Άγγελος
Corporate Author: Πανεπιστήμιο Αιγαίου Σχολή Ανθρωπιστικών Επιστημών Τμήμα Επιστημών της Προσχολικής Αγωγής και του Εκπαιδευτικού Σχεδιασμού Πρόγραμμα Μεταπτυχιακών Σπουδών Περιβαλλοντική Εκπαίδευση
Other Authors: Κουτσούμπας, Δρόσος (Thesis advisor)
Format: Thesis Book
Language:Greek
Published: 2010
Subjects:
Online Access:http://hdl.handle.net/11610/15729
Tags: Add Tag
No Tags, Be the first to tag this record!

MARC

LEADER 00000cam a2200000 i 4500
001 1/14550
008 110805s2010 gre d
035 |l 10110621 
040 |a GR-MY-UA  |b gre  |e aacr 
041 0 |a gre 
082 0 |a 372.3  |2 (22) 
100 1 |a Σταμούλης, Άγγελος. 
245 1 0 |a Λατομεία και περιβαλλοντική εκπαίδευση :  |b μελέτη περίπτωσης στο νησί της Ρόδου : διπλωματική εργασία [μεταπτυχιακή εργασία] /  |c Σταμούλης Άγγελος ; επιβλέπων: Κουτσούμπας Δρόσος 
260 |c 2010 
300 |a 182 σ.;  |b εικ., πιν.;  |c 30 εκ. 
500 |a Μέλη εξεταστικής επιτροπής: Τσαμπούκου-Σκαναβή Κωνσταντίνα, Κοντάκος Αναστάσιος 
502 |a Διατριβή (μεταπτυχιακή) – Πανεπιστήμιο Αιγαίου, Ρόδος, 2010. 
504 |a Βιβλιογραφία: σ. 165-174 
650 0 |a Environmental education  |z Greece  |z Rhodes (Island) 
650 0 0 |a Environmental education  |x Study and teaching. 
650 0 0 |a Strategic planning  |v Case studies. 
650 0 |a Quarries and quarrying  |z Greece  |z Rhodes (Island) 
650 0 0 |a Stone-cutting. 
650 0 0 |a Dissertations, Academic  |z Greece. 
700 1 |4 ths  |a Κουτσούμπας, Δρόσος. 
710 2 |a Πανεπιστήμιο Αιγαίου  |b Σχολή Ανθρωπιστικών Επιστημών  |b Τμήμα Επιστημών της Προσχολικής Αγωγής και του Εκπαιδευτικού Σχεδιασμού  |b Πρόγραμμα Μεταπτυχιακών Σπουδών Περιβαλλοντική Εκπαίδευση. 
852 |a INST  |b RHODES  |c DIATR  |e 20110805  |h 372.3 ΣΤΑ  |p 005400033329  |q 005400033329  |t MTXE  |y 23 
852 |a INST  |b RHODES  |c DIATR  |e 20110805  |h 372.3 ΣΤΑ  |p 005400033565  |q 005400033565  |t MTXE  |y 23 
856 |u http://hdl.handle.net/11610/15729 
901 |a BIBL4-2011-2 
909 |a Ρ  |b 163895 
909 |a Ρ  |b 163894 
924 |a ΣΤΑΜΟΥΛΗΣ  |b ΑΓΓΕΛΟΣ  |y ΡΟΔΟΣ  |z 2011-08 
970 |z 2010/05/